000 00537nam a2200181Ia 4500
008 090124s9999 xx 000 0 und d
082 _b29708
100 _aसप्रे मधुवंती
245 _a द्रौपदी
250 _a1
260 _bशब्दरत्न प्रकाशन
_c1991
300 _a119
600 _aसप्रे मधुवंती
630 _a द्रौपदी
700 _aसप्रे मधुवंती
730 _a द्रौपदी
942 _cBOOK
999 _c96264
_d96264